Xã hội học

Nội dung tài liệu giới thiệu các giai đoạn nghiên cứu xã hội, giai đoạn thu thập dữ kiện, kỹ thuật phỏng vấn, quan sát, nghiên cứu tư liệu, thử nghiệm. Giai đoạn xử lý tư liệu thu thập trình bày một bài báo cáo nghiên cứu....

全面介紹

Đã lưu trong:
書目詳細資料
主要作者: Nguyễn, Xuân Nghĩa
格式: 圖書
語言:Undetermined
出版: Thành phố Hồ Chí Minh Đại học Mở - Bán công 2005
主題:
標簽: 添加標簽
沒有標簽, 成為第一個標記此記錄!
Thư viện lưu trữ: Trung tâm Học liệu Trường Đại học Cần Thơ
LEADER 01089nam a2200241Ia 4500
001 CTU_237468
008 210402s9999 xx 000 0 und d
082 |a 301.07 
082 |b Ngh301 
100 |a Nguyễn, Xuân Nghĩa 
245 0 |a Xã hội học 
245 0 |c Nguyễn Xuân Nghĩa (Biên soạn) 
260 |a Thành phố Hồ Chí Minh 
260 |b Đại học Mở - Bán công 
260 |c 2005 
520 |a Nội dung tài liệu giới thiệu các giai đoạn nghiên cứu xã hội, giai đoạn thu thập dữ kiện, kỹ thuật phỏng vấn, quan sát, nghiên cứu tư liệu, thử nghiệm. Giai đoạn xử lý tư liệu thu thập trình bày một bài báo cáo nghiên cứu. 
526 |a Xã hội học đại cương,Nhập môn xã hội học 
526 |b XH028,XH078 
650 |a Xã hội học 
650 |x Phương pháp luận 
904 |i QHieu 
910 |b vtbtruc 
980 |a Trung tâm Học liệu Trường Đại học Cần Thơ